1635 1113 1184 1204 1180 1540 1659 1777 1102 1758 1601 1749 1403 1676 1438 1045 1785 1597 1310 1937 1521 1372 1425 1619 1469 1874 1147 1003 1881 1191 1464 1393 1395 1217 1792 1196 1632 1493 1719 1584 1488 1257 1080 1185 1940 1280 1613 1652 1663 1714 1024 1767 1480 1713 1370 1386 1755 1493 1904 1795 1053 1247 1748 1675 1768 1864 1299 1448 1889 1977 1458 1117 1006 1046 1287 1754 1917 1007 1899 1075 1071 1459 1569 1148 1069 1718 1488 1739 1444 1404 1628 1072 1158 1209 1763 1724 1223 1204 1090 BCNSPRNW ULIB Ver.6.0+V

เปลี่ยนเป็นภาษาไทย

Change to English
 แสดงรายละเอียดบรรณานุกรม
  กลับหน้าหลัก

Brief Record : Get Marc (ISO 2709) : E-mail record : QR code < ปิดหน้าต่าง
LEADER : 00000nam 2200000uu 4500
001    13399110040
003     ULIB
008    110420s2551||||th 000 0 tha d
020    9749508629
060 04 WG340^bส575ม 2551
100 0  สันต์ หัตถีรัตน์
245 10 มารู้จักความดันเลือดสูงกันเถอะ /^cสันต์ หัตถีรัตน์และกองบรรณาธิการนิตยสารหมอชาวบ้าน
250    พิมพ์ครั้งที่ 14
260    กรุงเทพฯ :^bหมอชาวบ้าน,^c2551
300    41 หน้า :^bภาพประกอบ ;^c22 ซม.
650  7 ความดันเลือดสูง
945    ^p50^l0^i028496
995    ทศพร
999 ^a ใช้งานได้ทุกระบบ
รายการนี้ยังไม่มีแท็ก
คุณยังไม่ได้ล็อกอิน คุณสามารถมีกิจกรรมร่วมกับเว็บไซต์ได้ แต่ต้องล็อกอินก่อน ::
  ล็อกอิน

รายการสื่อสารสนเทศ

ลำดับที่ ประเภท เลขเรียก/บาร์โค้ด สถานที่ สถานะ
- ไม่พบข้อมูล -

รายการใกล้เคียง
    ผู้แต่ง [สันต์ หัตถีรัตน์]

    หัวเรื่อง [ความดันเลือดสูง]

BibComment


ยังไม่เคยถูกคอมเมนท์

คอมเมนท์ทรัพยากรรายการนี้
  คอมเมนท์: มารู้จักความดันเล..


 Copyright 2026. Bcnsprnw @Library